Представление документа в формате MARC21

Поле Инд. ПП Название Значение
Тип записи a
Библиографический уровень a
001 Контрольный номер RU/IS/BASE/264552120
005 Дата корректировки 20231123100437.4
008 Кодируемые данные 19981014
040 00 e Правила каталог. Т 981014
084 a Индекс другой классификации/Индекс ББК 63.3(2)24
090 00 a Полочн. индекс 63.3(0)3я43
x Авторский знак В 387
100 10 a Автор Дьяков В. Н.
245 00 a Заглавие Древняя Таврика до римской оккупации
600 14 a Персоналии Геродот
650 04 a Основная рубрика история
653 00 a Ключевые слова верования
a Ключевые слова географическое положение
a Ключевые слова древний мир
a Ключевые слова историческая география
a Ключевые слова исторические свидетельства
a Ключевые слова Крымский полуостров
a Ключевые слова культы
a Ключевые слова народы
a Ключевые слова население
a Ключевые слова общественный строй
a Ключевые слова Причерноморье
a Ключевые слова Скифия
a Ключевые слова Таврика
a Ключевые слова таврская культура
a Ключевые слова тавры
773 00 d Дата издания источника Москва, 1939
g Прочая информация Т.3(8), 4(9). - С.72-86
t Заглавие источника Вестник древней истории
w Контрольный № источника RU/IS/BASE/101818640
901 t Тип документа a